| 000 | 00575nam a2200205 a 4500 | ||
|---|---|---|---|
| 005 | 20210219153134.0 | ||
| 008 | 991125n 000 0 u | ||
| 035 | _aUPN01000079762 | ||
| 100 | 1 | _aLee, Tim | |
| 222 | 0 | _aBRITISH JOURNAL OF SPECIAL EDUCATION | |
| 245 | 0 | 0 | _aFormula for uncertainty |
| 260 | _aReino Undo | ||
| 300 | _a100-102 | ||
| 362 | 0 | _a1991 Vol. 18, no. 3, sept. | |
| 653 | 0 | _aDIRECCION DE ESCUELA BASICA | |
| 653 | 0 | _aESTUDIANTES CON NECESIDADES ESPECIALES | |
| 653 | 0 | _aGASTO ESCOLAR POR DISTRITOS | |
| 904 |
_aAC _b017573 |
||
| 905 | _aArticulo | ||
| 999 |
_c69250 _d69250 |
||